000 00499 a2200205 4500
260 _aParis
260 _bHachette
245 _aVocabulaire de l' environnement.
300 _a144p.
650 _aOUVRAGE DE REFERENCE
650 _aENVIRONNEMENT
260 _c1976
130 _lFr.
710 _aConseil International de la Langue Française.
710 _aMinistère de la qualité de la vie.
690 _aENVIRONNEMENT.
020 _a2-85319-025-0
999 _c24444
_d24444